| 000 | 00525nam a22001817a 4500 | ||
|---|---|---|---|
| 005 | 20240920135404.0 | ||
| 008 | 240918b |||||||| |||| 00| 0 eng d | ||
| 020 | _a978-93-88280-70-9 | ||
| 041 | _aeng | ||
| 082 | _a615.19 | ||
| 100 |
_aKULKARNI, DR. AMOL ANANTRAO AND GUPTA , NERAJ _98530 |
||
| 245 | _aPHARMACEUTICAL ORGANIC CHEMISTRY - III [B.PHARMA, 4TH SEMESTER] | ||
| 250 | _aRE, PRINT.ED. 2023 | ||
| 260 |
_aLUCKNOW _bTHAKUR PUBLICATION PVT.LTD |
||
| 300 | _a192;P | ||
| 650 |
_aPHARMACY _xB.PHARMA |
||
| 942 | _cBK | ||
| 999 |
_c8659 _d8657 |
||